000 00612nam a22002297a 4500
003 UA-OsUOA
001 87132
007 ta
008 20120914b un ||||| |||| 00| 0 ukr d
100 _aПоліщук Ф.
090 _a82.09
_bП50
942 _cBK
040 _aUA-OsUOA
_bukr
_cUA-OsUOA
_dUA-OsUOA
245 _aГригорій Сковорода. Життя і творчість
300 _a260 с.
955 _a1
041 _aukr
080 _a82.09
260 _aК.
_bДніпро
_c1978
650 7 _a82 Література. Літературознавство
_2UDC
999 _c373423
_d373423